000 00464nam a2200157Ia 4500
008 210210b2000 xxu||||| |||| 00| 0 eng d
020 _a81 7273 028 4
082 _a302.23 RAIC
100 _aRAI (A N).
245 _aCommunication in the digital age.
260 _aDelhi.
_bAuthors Press, National Centre for Development Communication.,
_c2000
300 _avi,361
650 _aGlobalisation New Views Information
690 _aJournalism
906 _a057122
999 _c104478
_d104478